000 00300nam a2200133Ia 4500
008 231129s1947||||xx |||||||||||||| ||spa||
040 _bspa
082 _a185 A716o
100 _aAristoteles
245 0 _aObras completas de Aristoteles
260 _c1947
264 _aAnaconda
942 _2ddc
_cBKS
999 _c22001
_d22001